Biblioteca
Vista normal Vista MARC
  • Hermeneútica

Entrada Tema o Materia

Número de registros utilizados en: 16

001 - NUMERO DE CONTROL

  • Campo de control: 1682

003 - IDENTIFICADOR DEL NUMERO DE CONTROL

  • Campo de control: CO-MdFUSB

005 - HORA Y FECHA DE LA ULTIMA TRANSACCIÓN

  • Campo de control: 20190424102453.0

008 - CAMPO DE LONGITUD FIJA

  • Campo fijo de descripción fija: 190424|| aca||babn | a|a d

040 ## -

  • : CO-MdFUSB
  • : CO-MdFUSB

053 ## - NUMERO DE CLASIFICACIÓN (LC)

  • Número clasificador : OCoLC

150 ## - ENCABEZAMIENTO DE MATERIA-TEMA

  • Téma o Materia: Hermeneútica
  • Subdivisión General: Aspectos religiosos
  • Subdivisión General: Cristianismo.

Biblioteca FUSBC | Teléfono: (57+4) 349 88 10 Ext. 141| WhatsApp (+57) 3005338115 
E-mail: biblioteca@unisbc.edu.co | Calle 76 87-14 Robledo Palenque, Medellín, Colombia

Con tecnología Koha